00633nam a2200181Ia 4500008004100000020001500041041001200056082001600068100001700084245008300101260003200184300000800216650001600224700001800240942000700258999001500265952017100280221030s9999 xx 000 0 und d a9812531076 aEnglish a105.23bBee aC. Becchetti 0aSpeech Recognition Theory & C++ Implementationcby C. Becchetti, L. P. Ricotti bJohn willeyaNew Yorkc2006 a407 aBE Computer aL. P. Ricotti cBK c3380d3380 pBE 8517g338.00l0o105.23 Beer2024-06-13 00:00:00w2022-10-30yBK003Print4070aMIETLIBbMIETLIBcBL-Academic Block C, FL-2, CUP-49, SH-2, R-2d2006-11-1110HBE